000 00692nam a2200253Ia 4500
003 OSt
005 20220924132006.0
006 a|||||r|||| 00| 0
007 ta
008 220923b |||||||| |||| 00| 0 tel d
020 _cRs.32
024 _a344204
037 _cTextual
040 _aARTS
_cARTS
_btel
041 _2tel
_atel
082 _aO35,3NSUV,1, M9
100 _aRavinutala Suvarnakannan Au.
245 0 _aDear!My Dear!
260 _aVijayawada-2
_bLakshmi Publications India
_c1989
300 _a351p.
_ccm.
650 _aTELUGU LITERATURE
942 _hO35,3NSUV,1, M9
_cTEXL
_2CC
999 _c428920
_d428920